農産物生産上位5か国 - その他 - Statistics

General Stats
  • This quiz has been taken 26 times
  • The average score is 17 of 26
Answer Stats
% Correct
ブラジル
95%
ガーナ
91%
インド
91%
中華人民共和国
91%
アメリカ合衆国
91%
インドネシア
86%
ナイジェリア
86%
アルゼンチン
86%
メキシコ
86%
ロシア
82%
コートジボワール
73%
コロンビア
73%
エチオピア
73%
ベトナム
68%
フランス
64%
タイ
59%
トルコ
59%
ケニア
55%
スリランカ
55%
パキスタン
50%
ドイツ
50%
エクアドル
45%
ウクライナ
45%
マダガスカル
45%
パプアニューギニア
23%
ジンバブエ
9%
No matching quizzes found
Score Distribution
Percent of People with Each Score
Percentile by Number Answered
Your Score History
You have not taken this quiz